[Event "EU-chT Railways USIC"]
[Site "Korenov"]
[Date "2017.10.12"]
[Round "5.1"]
[White "Van Espen, Eddy"]
[Black "Bolt, Graham"]
[Result "0-1"]
[WhiteElo "2032"]
[BlackElo "2094"]
[PlyCount "94"]
[EventDate "2017.10.10"]
[EventType "team-tourn"]
[EventRounds "5"]
[EventCountry "CZE"]
[SourceTitle "CBM 181 Extra"]
[Source "ChessBase"]
[SourceDate "2017.12.12"]
[SourceVersion "1"]
[SourceVersionDate "2017.12.12"]
[SourceQuality "1"]
[WhiteTeam "Belgium"]
[BlackTeam "Great Britain"]
[WhiteTeamCountry "BEL"]
[BlackTeamCountry "GBR"]

1. d4 g6 2. e4 Bg7 3. c3 d6 4. f4 Nf6 5. Bd3 0-0 6. Nf3 c5 7. dxc5 dxc5 8. 0-0 Qc7 9. Qe2 a6 10. a4 Nc6 11. Na3 Na5 12. Nd2 Bg4 13. Qe3 Bd7 14. Nac4 Nxc4 15. Nxc4 Ng4 16. Qe2 b5 17. axb5 axb5 18. Rxa8 Rxa8 19. Ne3 Nxe3 20. Bxe3 c4 21. Bb1 Bc6 22. f5 Bd7 23. Qf3 Rf8 24. Rd1 Bc6 25. h3 b4 26. Bd4 Ba4 27. Rd2 Rd8 28. fxg6 hxg6 29. Rf2 e5 30. Be3 Bd1 31. Qg3 bxc3 32. bxc3 Qb7 33. Bg5 Rd7 34. Bc2 Bxc2 35. Rxc2 f6 36. Bxf6 Bxf6 37. Qxg6+ Bg7 38. Qe8+ Kh7 39. Qh5+ Bh6 40. Qf5+ Kg8 41. Qg6+ Bg7 42. Qe8+ Bf8 43. Qe6+ Rf7 44. Rf2 Bc5 45. Qg6+ Kf8 46. Qh6+ Ke8 47. Qe6+ Kd8 0-1

[Event "EU-chT Railways USIC"]
[Site "Korenov"]
[Date "2017.10.11"]
[Round "2.1"]
[White "Perlitz, Sven"]
[Black "Van Espen, Eddy"]
[Result "1/2-1/2"]
[WhiteElo "2112"]
[BlackElo "2032"]
[PlyCount "43"]
[EventDate "2017.10.10"]
[EventType "team-tourn"]
[EventRounds "5"]
[EventCountry "CZE"]
[SourceTitle "CBM 181 Extra"]
[Source "ChessBase"]
[SourceDate "2017.12.12"]
[SourceVersion "1"]
[SourceVersionDate "2017.12.12"]
[SourceQuality "1"]
[WhiteTeam "Germany"]
[BlackTeam "Belgium"]
[WhiteTeamCountry "GER"]
[BlackTeamCountry "BEL"]

1. e4 e5 2. Nf3 Nc6 3. Bb5 a6 4. Ba4 Nf6 5. Qe2 Be7 6. 0-0 d6 7. c3 0-0 8. Rd1 Bd7 9. d3 Re8 10. Nbd2 Bf8 11. Bb3 Be6 12. Nf1 Bxb3 13. axb3 Qe7 14. Ng3 g6 15. h3 Bg7 16. Be3 h6 17. Nh2 Kh7 18. Qd2 d5 19. Nf3 Rad8 20. Qc2 Kg8 21. Qc1 Kh7 22. Qc2 1/2-1/2

[Event "EU-chT Railways USIC 19th"]
[Site "St Petersburg"]
[Date "2016.07.07"]
[Round "5.4"]
[White "Kogias, Antonios"]
[Black "Van Espen, Eddy"]
[Result "0-1"]
[WhiteElo "1710"]
[BlackElo "2082"]
[PlyCount "64"]
[EventDate "2016.07.05"]
[EventType "team-swiss"]
[EventRounds "5"]
[EventCountry "RUS"]
[SourceTitle "EXT 2020"]
[Source "ChessBase"]
[SourceDate "2019.10.17"]
[SourceVersion "1"]
[SourceVersionDate "2019.10.17"]
[SourceQuality "1"]
[WhiteTeam "Greece (rail)"]
[BlackTeam "Belgium (rail)"]
[WhiteTeamCountry "GRE"]
[BlackTeamCountry "BEL"]

1. d4 Nf6 2. f4 d5 3. e3 Bf5 4. Bd3 e6 5. Nf3 Bd6 6. 0-0 0-0 7. Ne5 Ne4 8. Qe2 f6 9. Ng4 Bxg4 10. Qxg4 f5 11. Qe2 Kh8 12. Nd2 Nd7 13. Nf3 Ndf6 14. Bd2 Qe8 15. Be1 c5 16. c3 c4 17. Bc2 b5 18. Ne5 a5 19. a3 Rb8 20. Bh4 b4 21. Bxf6 gxf6 22. Nf3 bxc3 23. bxc3 Rb2 24. Rfc1 Qe7 25. a4 Nxc3 26. Qf1 Rg8 27. g3 Bb4 28. Kh1 Qg7 29. Nh4 Qg4 30. Bd1 Nxd1 31. Rxd1 Re2 32. Ng2 Rg6 0-1

[Event "Rail 6 countries 24th"]
[Site "Bad Salzuflen"]
[Date "2013.06.30"]
[Round "4.1"]
[White "Horak, Michal"]
[Black "Van Espen, Eddy"]
[Result "1-0"]
[WhiteElo "2299"]
[BlackElo "2099"]
[PlyCount "97"]
[EventDate "2013.06.28"]
[EventType "team-tourn"]
[EventRounds "5"]
[EventCountry "GER"]
[SourceTitle "EXT 2014"]
[Source "ChessBase"]
[SourceDate "2013.11.20"]
[SourceVersion "1"]
[SourceVersionDate "2013.11.20"]
[SourceQuality "1"]
[WhiteTeam "Czech Republic"]
[BlackTeam "Belgium"]
[WhiteTeamCountry "CZE"]
[BlackTeamCountry "BEL"]

1. c4 Nf6 2. g3 e5 3. Bg2 c6 4. d3 d6 5. Nf3 h6 6. 0-0 Bf5 7. Nc3 Nbd7 8. b4 a6 9. a4 Be7 10. Bb2 0-0 11. b5 axb5 12. axb5 Qc7 13. Nd2 Nc5 14. Nb3 Rxa1 15. Bxa1 Nxb3 16. Qxb3 Ra8 17. Bb2 Nd7 18. Ra1 Rxa1+ 19. Bxa1 Qa5 20. Qa4 Qxa4 21. Nxa4 cxb5 22. cxb5 b6 23. Bc6 Bd8 24. d4 exd4 25. Bxd4 Nc5 26. Nc3 Be6 27. e4 Kf8 28. f4 Bc4 29. Kg2 Ne6 30. Bf2 Nc5 31. Bd4 Ne6 32. Bg1 Nc5 33. Nd5 Bxd5 34. Bxd5 Bf6 35. Kf3 Bc3 36. h4 Ke7 37. g4 f6 38. Be3 Bb4 39. g5 fxg5 40. fxg5 hxg5 41. Bxg5+ Kd7 42. Kg4 Ke8 43. Kf5 Nd3 44. h5 Kf8 45. Bd8 Bc5 46. Ke6 Ke8 47. Bg5 Nb4 48. Bc6+ Kf8 49. Be7+ 1-0

[Event "Rail 6 countries 24th"]
[Site "Bad Salzuflen"]
[Date "2013.06.28"]
[Round "2.1"]
[White "Muehlbacher, Bernhard"]
[Black "Van Espen, Eddy"]
[Result "1-0"]
[WhiteElo "2077"]
[BlackElo "2099"]
[PlyCount "61"]
[EventDate "2013.06.28"]
[EventType "team-tourn"]
[EventRounds "5"]
[EventCountry "GER"]
[SourceTitle "EXT 2014"]
[Source "ChessBase"]
[SourceDate "2013.11.20"]
[SourceVersion "1"]
[SourceVersionDate "2013.11.20"]
[SourceQuality "1"]
[WhiteTeam "Austria"]
[BlackTeam "Belgium"]
[WhiteTeamCountry "AUT"]
[BlackTeamCountry "BEL"]

1. c4 e6 2. g3 d5 3. Bg2 Nf6 4. Nf3 c6 5. b3 Be7 6. Bb2 0-0 7. 0-0 Nbd7 8. d3 dxc4 9. bxc4 Nc5 10. Nc3 Qa5 11. Qc2 Rd8 12. d4 Na6 13. a3 Qh5 14. Rad1 Bd7 15. e4 Be8 16. h3 Nd7 17. Ne2 f6 18. h4 e5 19. Nh2 Nf8 20. Bf3 Qf7 21. dxe5 fxe5 22. Bxe5 Bxa3 23. Ba1 Bc5 24. h5 Bd7 25. h6 Bh3 26. hxg7 Ne6 27. Bg2 Rxd1 28. Qxd1 Rd8 29. Qc1 Bxg2 30. Ng4 Qg6 31. Nh6+ 1-0

[Event "Leuven op 23rd"]
[Site "Leuven"]
[Date "2011.11.13"]
[Round "7"]
[White "Akesson, Ralf"]
[Black "Van Espen, Eddy"]
[Result "1-0"]
[WhiteElo "2421"]
[BlackElo "2112"]
[PlyCount "69"]
[EventDate "2011.11.10"]
[EventType "swiss"]
[EventRounds "7"]
[EventCountry "BEL"]
[SourceTitle "CBM 145 Extra"]
[Source "ChessBase"]
[SourceDate "2012.01.03"]
[SourceVersion "1"]
[SourceVersionDate "2012.01.03"]
[SourceQuality "1"]

1. Nf3 d5 2. d4 Nf6 3. c4 e6 4. g3 c6 5. Bg2 Bd6 6. 0-0 Nbd7 7. b3 0-0 8. Bb2 Ne4 9. Ne1 e5 10. cxd5 cxd5 11. Nf3 exd4 12. Nxd4 Nef6 13. Nc3 Nb6 14. Qd3 Re8 15. Rad1 Bf8 16. h3 h6 17. Kh2 Qd7 18. e3 Ne4 19. Nde2 Nxc3 20. Nxc3 Qf5 21. Nxd5 Qxd3 22. Rxd3 Nxd5 23. Bxd5 Bf5 24. Rd2 Rad8 25. Rfd1 Rd7 26. g4 Bg6 27. Bc4 Rxd2 28. Rxd2 Bb4 29. Rd7 Re7 30. Rd8+ Kh7 31. Bd4 b6 32. a4 Bc2 33. Kg3 Kg6 34. h4 f5 35. h5+ 1-0

[Event "BEL-chT 0607"]
[Site "Belgium"]
[Date "2006.12.08"]
[Round "7"]
[White "Van der Burch, Arie"]
[Black "Van Espen, Eddy"]
[Result "0-1"]
[WhiteElo "2203"]
[BlackElo "2126"]
[PlyCount "90"]
[EventDate "2006.10.01"]
[EventType "team-tourn"]
[EventRounds "11"]
[EventCountry "BEL"]
[SourceTitle "EXT 2008"]
[Source "ChessBase"]
[SourceDate "2007.11.25"]
[SourceVersion "1"]
[SourceVersionDate "2007.11.25"]
[SourceQuality "1"]
[WhiteTeam "Borgerhout"]
[BlackTeam "Leuven Centraal"]
[WhiteTeamCountry "BEL"]
[BlackTeamCountry "BEL"]

1. d4 Nf6 2. c4 e6 3. Nc3 d5 4. cxd5 exd5 5. Bg5 Be7 6. e3 0-0 7. Bd3 c6 8. Qc2 Nbd7 9. Nge2 Re8 10. 0-0-0 Nf8 11. h3 Ne4 12. Bxe7 Qxe7 13. Bxe4 dxe4 14. g4 f5 15. gxf5 Bxf5 16. Ng3 Bg6 17. h4 h5 18. Qe2 Qf7 19. Rhg1 b5 20. Kb1 Rab8 21. Rc1 Rb6 22. Rgd1 Nd7 23. Rd2 Nf6 24. Rdc2 Qe6 25. Nd1 Nd5 26. Qd2 Bf7 27. b3 Qg4 28. Rxc6 Rxc6 29. Rxc6 Qxh4 30. Nf5 Qd8 31. Nd6 Qd7 32. Qc1 Nb4 33. d5 Bxd5 34. Rc8 Rxc8 35. Nxc8 Nd3 36. Qc3 Bf7 37. Nb2 b4 38. Qc2 Be6 39. Nxa7 Qxa7 40. Nxd3 exd3 41. Qxd3 Qd7 42. Qc2 h4 43. e4 h3 44. f4 Bg4 45. Qc4+ Kh7 0-1

[Event "BEL-chT 0607"]
[Site "Belgium"]
[Date "2006.10.01"]
[Round "1"]
[White "Van Espen, Eddy"]
[Black "Grafl, Florian"]
[Result "0-1"]
[WhiteElo "2148"]
[BlackElo "2413"]
[PlyCount "82"]
[EventDate "2006.10.01"]
[EventType "team-tourn"]
[EventRounds "11"]
[EventCountry "BEL"]
[SourceTitle "EXT 2007"]
[Source "ChessBase"]
[SourceDate "2006.11.23"]
[SourceVersion "1"]
[SourceVersionDate "2006.11.23"]
[SourceQuality "1"]
[WhiteTeam "Leuven Centraal"]
[BlackTeam "Liege Crelel"]
[WhiteTeamCountry "BEL"]
[BlackTeamCountry "BEL"]

1. d4 f5 2. c4 Nf6 3. Nc3 d6 4. Nf3 g6 5. g3 Bg7 6. Bg2 0-0 7. 0-0 Qe8 8. Qc2 Na6 9. a3 c5 10. d5 Nc7 11. b3 b5 12. Bb2 bxc4 13. bxc4 Ba6 14. Nd2 Ng4 15. Nd1 Bxb2 16. Nxb2 f4 17. Nd3 fxg3 18. hxg3 g5 19. Bh3 Qh5 20. Bxg4 Qxg4 21. Kg2 Bc8 22. Rh1 Bf5 23. f3 Qd4 24. e4 Bg6 25. Nf2 e6 26. Rhd1 exd5 27. cxd5 Qxd5 28. Qc4 Qf7 29. Ng4 Qe6 30. Nh6+ Kg7 31. Qc3+ Qf6 32. Qxf6+ Rxf6 33. Ng4 Re6 34. Nc4 h5 35. Nf2 Ne8 36. Rab1 Kf8 37. Rd5 g4 38. Rb7 Re7 39. Rxe7 Kxe7 40. e5 Ke6 41. f4 Kxd5 0-1

[Event "Flemish-ch"]
[Site "Bilzen"]
[Date "2004.05.21"]
[Round "2"]
[White "Van Espen, Eddy"]
[Black "Claesen, Pieter"]
[Result "0-1"]
[WhiteElo "2154"]
[BlackElo "2380"]
[PlyCount "97"]
[EventDate "2004.05.20"]
[EventType "swiss"]
[EventRounds "7"]
[EventCountry "BEL"]
[SourceTitle "CBM 100 Extra"]
[Source "ChessBase"]
[SourceDate "2004.07.06"]
[SourceVersion "2"]
[SourceVersionDate "2004.07.06"]
[SourceQuality "1"]

1. d4 Nf6 2. Nf3 c5 3. c3 b6 4. g3 Bb7 5. Bg2 e6 6. 0-0 Be7 7. Re1 0-0 8. Nbd2 d5 9. Ne5 Bd6 10. e3 Nfd7 11. Nxd7 Qxd7 12. dxc5 Bxc5 13. e4 Rd8 14. exd5 Bxd5 15. Bxd5 Qxd5 16. Qf3 Nc6 17. Qxd5 Rxd5 18. Nf3 Re8 19. Be3 Bxe3 20. Rxe3 e5 21. Rae1 f6 22. Re4 Kf7 23. Rc4 Re6 24. a4 Na5 25. Rc7+ Re7 26. Rxe7+ Kxe7 27. Nd4 Kf7 28. Nb5 Rd7 29. Re4 Nb3 30. Rc4 Ke6 31. Rc7 Rxc7 32. Nxc7+ Kd7 33. Na6 Kc6 34. Kf1 Kb7 35. Nb4 Nc5 36. a5 bxa5 37. Na2 Kc6 38. Ke2 Kb5 39. f3 Kc4 40. Nc1 a4 41. Ke3 f5 42. h3 a5 43. f4 e4 44. g4 g6 45. gxf5 gxf5 46. h4 Nd3 47. Ne2 Nxb2 48. Kd2 a3 49. Kc2 0-1

[Event "BEL-chT2 0304"]
[Site "Belgium"]
[Date "2004.02.01"]
[Round "8"]
[White "Ethelontis, Alexandros N"]
[Black "Van Espen, Eddy"]
[Result "1-0"]
[WhiteElo "2134"]
[BlackElo "2154"]
[PlyCount "57"]
[EventDate "2003.12.01"]
[EventType "team-tourn"]
[EventRounds "11"]
[EventCountry "BEL"]
[SourceTitle "EXT 2005"]
[Source "ChessBase"]
[SourceDate "2004.11.15"]
[SourceVersion "1"]
[SourceVersionDate "2004.11.15"]
[SourceQuality "1"]
[WhiteTeam "Woluwe"]
[BlackTeam "Desperado"]
[WhiteTeamCountry "BEL"]
[BlackTeamCountry "BEL"]

1. c4 e6 2. g3 d5 3. Bg2 Nf6 4. Nf3 Be7 5. 0-0 0-0 6. d4 dxc4 7. Ne5 Nbd7 8. Nxc4 c5 9. dxc5 Nxc5 10. Nc3 Ne8 11. Bf4 g5 12. Be3 Nd7 13. Rc1 a5 14. Qd2 Ra6 15. Rfd1 Nd6 16. Ne4 Nxe4 17. Bxe4 b5 18. Na3 Rd6 19. Qc2 Rxd1+ 20. Rxd1 f5 21. Bd3 Bxa3 22. bxa3 Qe7 23. Bxb5 Rd8 24. Qc7 Kf7 25. Bb6 Nxb6 26. Qxd8 Qb7 27. Rc1 Nd7 28. a4 Qd5 29. Qxc8 1-0

[Event "Leuven op 15th"]
[Site "Leuven"]
[Date "2003.11.09"]
[Round "4"]
[White "Giadrosic, Dinko"]
[Black "Van Espen, Eddy"]
[Result "0-1"]
[WhiteElo "1920"]
[BlackElo "2154"]
[PlyCount "68"]
[EventDate "2003.11.07"]
[EventType "swiss"]
[EventRounds "9"]
[EventCountry "BEL"]
[SourceTitle "EXT 2004"]
[Source "ChessBase"]
[SourceDate "2003.11.25"]
[SourceVersion "1"]
[SourceVersionDate "2003.11.25"]
[SourceQuality "1"]

1. d4 d5 2. c3 Nf6 3. Bg5 Nbd7 4. Nf3 h6 5. Bxf6 Nxf6 6. e3 e6 7. Nbd2 c5 8. Bb5+ Bd7 9. Qa4 a6 10. Bxd7+ Nxd7 11. 0-0 b5 12. Qc2 cxd4 13. exd4 Bd6 14. Rfe1 Qc7 15. Qf5 0-0 16. Qh3 Rfc8 17. g3 b4 18. Rac1 Qb7 19. Rxe6 fxe6 20. Qxe6+ Kh8 21. Qxd6 bxc3 22. bxc3 Nf6 23. Re1 Rc6 24. Qa3 Qc8 25. Qe7 Rc7 26. Qd6 Rxc3 27. Re7 Qh3 28. Re1 Rac8 29. Qxa6 Rc1 30. Nf1 Rxe1 31. Nxe1 Rc1 32. Qe2 Qg4 33. Qd2 Rd1 34. Qb4 Qe2 0-1

[Event "EU-chT Railways USIC"]
[Site "Dresden"]
[Date "2000.06.24"]
[Round "7.3"]
[White "Van Espen, Eddy"]
[Black "Cechi, Goran"]
[Result "1/2-1/2"]
[WhiteElo "2139"]
[BlackElo "2145"]
[PlyCount "29"]
[EventDate "2000.06.19"]
[EventType "team-swiss"]
[EventRounds "7"]
[EventCountry "GER"]
[SourceTitle "EXT 2002"]
[Source "ChessBase"]
[SourceDate "2001.11.25"]
[SourceVersion "1"]
[SourceVersionDate "2001.11.25"]
[SourceQuality "1"]
[WhiteTeam "Belgium (USIC)"]
[BlackTeam "Croatia (USIC)"]
[WhiteTeamCountry "BEL"]
[BlackTeamCountry "CRO"]

1. d4 Nf6 2. Nf3 g6 3. g3 Bg7 4. Bg2 0-0 5. 0-0 d5 6. c4 dxc4 7. Na3 c3 8. bxc3 c5 9. Nc2 Nc6 10. Bb2 Qc7 11. Qc1 Be6 12. Re1 Bd5 13. Ba3 cxd4 14. cxd4 a5 15. Ne3 1/2-1/2

[Event "EU-chT Railways USIC"]
[Site "Dresden"]
[Date "2000.06.21"]
[Round "2.3"]
[White "Van Espen, Eddy"]
[Black "Weiss, Werner"]
[Result "1/2-1/2"]
[WhiteElo "2139"]
[BlackElo "2186"]
[PlyCount "122"]
[EventDate "2000.06.19"]
[EventType "team-swiss"]
[EventRounds "7"]
[EventCountry "GER"]
[SourceTitle "EXT 2002"]
[Source "ChessBase"]
[SourceDate "2001.11.25"]
[SourceVersion "1"]
[SourceVersionDate "2001.11.25"]
[SourceQuality "1"]
[WhiteTeam "Belgium (USIC)"]
[BlackTeam "Germany (USIC)"]
[WhiteTeamCountry "BEL"]
[BlackTeamCountry "GER"]

1. d4 f5 2. c4 Nf6 3. Nc3 d6 4. f3 Nc6 5. Bg5 e5 6. d5 Nb8 7. e4 Be7 8. Be3 0-0 9. exf5 Bxf5 10. Bd3 Qd7 11. Qc2 Bxd3 12. Qxd3 Na6 13. Nge2 b6 14. Ng3 Nc5 15. Bxc5 bxc5 16. 0-0 Rf7 17. Rab1 a5 18. b3 g6 19. f4 Qg4 20. fxe5 dxe5 21. Nce4 Raf8 22. Nxf6+ Rxf6 23. Rxf6 Rxf6 24. Ne4 Rf4 25. Re1 Qf5 26. Qe3 Qf8 27. Nd2 Bd6 28. Nf3 Rf5 29. a4 Qf6 30. Qd2 g5 31. Re4 Rf4 32. Qe1 Qf5 33. Re3 e4 34. Nd2 Be5 35. Rxe4 Bd4+ 36. Kh1 Bc3 37. Re8+ Kg7 38. Re7+ Kg6 39. Qe6+ Qxe6 40. Rxe6+ Kh5 41. g3 Rd4 42. Ne4 Rd1+ 43. Kg2 Bd4 44. h3 g4 45. hxg4+ Kxg4 46. Nf6+ Kf5 47. Ne8 Rd2+ 48. Kh3 Rd3 49. Nxc7 Be5 50. Na6 Rxg3+ 51. Kh2 Rxb3+ 52. Kg2 Rb2+ 53. Kf3 Rc2 54. Nxc5 Rxc4 55. Nd3 Bf6 56. Ra6 Rd4 57. Nc5 Rxd5 58. Rxa5 Bc3 59. Rb5 h5 60. Ne4 Rxb5 61. axb5 Bd4 1/2-1/2